| 000 | 004160000a22001690004500 | ||
|---|---|---|---|
| 003 | MACL | ||
| 005 | 20160109132509.0 | ||
| 008 | 160109b xxu||||| |||| 00| 0 eng d | ||
| 040 |
_aMACL _cMACL |
||
| 041 | _aEnglish | ||
| 082 | _a920/GUI | ||
| 100 |
_aGuizot, M _930391 |
||
| 245 | _aSaint Louis and Calvin | ||
| 260 |
_bMacmillan & Co Ltd _c1879 _aLondon |
||
| 650 |
_aBiography _930392 |
||
| 942 |
_cBK _k920/GUI _2ddc |
||
| 999 |
_c36776 _d36776 |
||